000 01003ngm a22003370a 4500
001 PT20151
003 AR-LpoUNG
005 20210202000322.0
007 vd cvaizq
008 191001s1985||||ag |||||||||||||||||spa d
037 _c$10,3
040 _aAR-LpoUNG
_bspa
_cAR-LpoUNG
_eaacr
041 _aspa
044 _aag
082 0 _a982.065 181rig
100 1 _aVallejo, Gerardo
_edir.
245 1 3 _aEl rigor del destino
260 _aBuenos Aires :
_bEl Cine del Mundo,
_c1985.
300 _aVHS (100 min.) : son., col.
520 _aLuego de siete años en el exilio, un chico tucumano se reencuentra con su abuelo y ambos empiezan a recordar al padre del pequeño, un abogado de obreros desaparecido durante la dictadura militar.
650 4 _aARGENTINA
650 4 _aDICTADURA
650 4 _aGOBIERNO MILITAR
651 4 _aArgentina
653 _aCINE ARGENTINO
653 _aVHS
653 _aVIDEOS
700 1 _aCarey, Eduardo
_eprod.
905 _a20151
942 _cVIDEO
999 _c54612
_d54612